Visualizzazione normale
Vista MARC
- Salomonsson B., Lugones M., Scotto Di Fasano D., Göttken T., Grassi L.,
di Personal Name
Records bibliografici associati: 1
001 - CONTROL NUMBER
- control field: 61392
003 - CONTROL NUMBER IDENTIFIER
- control field:
005 - DATE AND TIME OF LATEST TRANSACTION
- control field: 20250117150904.0
008 - FIXED-LENGTH DATA ELEMENTS
- fixed length control field: 250117|| aca||aabn | a|a d
040 ## - CATALOGING SOURCE
- Original cataloging agency:
- Transcribing agency:
100 ## - HEADING--PERSONAL NAME
- Personal name: Salomonsson B., Lugones M., Scotto Di Fasano D., Göttken T., Grassi L.,
- Personal name: Barello R., Grigio M
670 ## - SOURCE DATA FOUND
- Source citation: Work cat.: ()224643: Micotti Sara e Mondadori Cristina (a cura di) 61391, Il dialogo psicoanalitico nella primissima infanzia (seconda parte), 2012